000 00606nam a2200169 i 4500
001 181029
003 ES-MaACL
005 20250813035735.0
008 121003s1888 it |||| | fre d
100 1 _aSalmoiraghi, A.
_9174745
245 1 0 _aExtrait du catalogue géneral des instruments pour l'astronomie et la géométrie pratique de la Maison Ing. A. Salmoiraghi de Milan.
260 _aMilan :
_bA. Salmoiraghi,
_c1888 (
_fA. Lombardi)
300 _a24 p. :
_bil. ;
_c25 cm.
650 7 _aAstronomía-
_xAparatos e instrumentos
_2
_9170203
852 4 _aES-MaACL
_jT-516-F-4
999 _c181029
_d181029